000 00813nam a2200253Ia 4500
003 OSt
005 20220926002304.0
006 a|||||r|||| 00| 0
007 ta
008 220923b |||||||| |||| 00| 0 eng d
020 _a9780070080553
_c654.5
037 _b886, 14/03/2014, Pranami Book Service
_cGeneral Book
040 _aRTL
_cRTL
_beng
041 _2eng
_aeng
082 _aX:514-8, P9
100 _aJOHNSTON Mark W.
_9305307
245 0 _aChurchill/Ford/Walker's sales force management.
250 _a9th
260 _a New Delhi
_bMcGraw Hill Education
_c2009
300 _axxiv, 537p.
_ccm.
700 _a MARSHALL Greg W.
_9305308
942 _hX:514-8, P9
_cGB
_2CC
999 _c604405
_d604405